000 00688nam a2200289Ia 4500
005 20260324122322.0
008 008 260324s9999 xx 000 0 eng d
020 _a9780203134153
037 _aEBOOK
040 _aCRL
040 _beng
040 _cCRL
041 _2eng
041 _aeng
084 _qCRL
100 _aBrian McNair
_917034
245 0 _aPorno? Chic!
245 0 _bhow pornography changed the world and made it a better place
260 _bTaylor and Francis
260 _c2013
365 _a
365 _b230
856 _uhttp://www.taylorfrancis.com/books/9780203134153
942 _cEBOOK
999 _c1758626
_d1758626